[Event "FRA-chT1 0910"]
[Site "France"]
[Date "2009.10.04"]
[Round "1.5"]
[White "Gosset, Arnaud"]
[Black "Marchyllie, Bruno"]
[Result "1-0"]
[WhiteElo "2193"]
[BlackElo "2163"]
[PlyCount "79"]
[EventDate "2009.09.27"]
[EventType "team-tourn"]
[EventRounds "11"]
[EventCountry "FRA"]
[SourceTitle "EXT 2011"]
[Source "ChessBase"]
[SourceDate "2010.11.26"]
[SourceVersion "1"]
[SourceVersionDate "2010.11.26"]
[SourceQuality "1"]

1. Nf3 b6 2. d4 Bb7 3. g3 e6 4. Bg2 Nf6 5. 0-0 Be7 6. c4 0-0 7. Bf4 d5 8. Nc3 c6 9. Qa4 Bd6 10. Ne5 dxc4 11. Qxc4 Nd5 12. Rfe1 Nxf4 13. gxf4 Qh4 14. e3 Bxe5 15. dxe5 Nd7 16. Ne4 c5 17. Rad1 Rad8 18. Rd6 b5 19. Qc2 c4 20. Red1 Bxe4 21. Bxe4 Nc5 22. Bxh7+ Kh8 23. Be4 Nxe4 24. Rxd8 Rxd8 25. Rxd8+ Qxd8 26. Qxe4 Qd1+ 27. Kg2 Qd5 28. Kf3 b4 29. Qxd5 exd5 30. f5 a5 31. Ke2 a4 32. Kd2 Kg8 33. a3 c3+ 34. bxc3 b3 35. f3 g6 36. e4 dxe4 37. fxe4 g5 38. c4 Kf8 39. f6 Ke8 40. e6 1-0

[Event "FRA-chT1B 0809"]
[Site "France"]
[Date "2009.04.04"]
[Round "10.7"]
[White "Chaumont, Adeline"]
[Black "Marchyllie, Bruno"]
[Result "0-1"]
[WhiteElo "2083"]
[BlackElo "2137"]
[PlyCount "164"]
[EventDate "2008.10.19"]
[EventType "tourn"]
[EventRounds "11"]
[EventCountry "FRA"]
[SourceTitle "EXT 2010"]
[Source "ChessBase"]
[SourceDate "2010.11.25"]
[SourceVersion "1"]
[SourceVersionDate "2010.11.25"]
[SourceQuality "1"]
[WhiteTeam "Echiquier Berry Sologne"]
[BlackTeam "Cappelle la Grande"]
[WhiteTeamCountry "FRA"]
[BlackTeamCountry "FRA"]

1. d4 c5 2. d5 e5 3. c4 d6 4. e4 Nf6 5. Nc3 Be7 6. Nf3 0-0 7. Be2 Nbd7 8. 0-0 Re8 9. Qc2 Nf8 10. a3 Ng6 11. b4 b6 12. Re1 Bg4 13. Be3 Qc8 14. bxc5 bxc5 15. Rab1 Nh5 16. Nd2 Nhf4 17. f3 Bd7 18. Bf1 Bd8 19. Nb5 Bxb5 20. cxb5 Ba5 21. Red1 Bxd2 22. Qxd2 f5 23. Qc2 fxe4 24. Qxe4 Rf8 25. a4 Qd8 26. Kh1 Qd7 27. a5 Ne7 28. Bc4 Kh8 29. a6 Rab8 30. g3 Nh5 31. Bf2 Rf6 32. Bd3 Rh6 33. Qg4 Qe8 34. Be3 Rf6 35. Bg5 Nxd5 36. Qe4 Rg6 37. Qxd5 Rxg5 38. Rg1 Rb6 39. f4 Nf6 40. Qc4 exf4 41. Qxf4 Re5 42. Rgf1 d5 43. Qh4 Ne4 44. Qf4 Rf6 45. Qh4 Rh5 46. Qg4 Rg5 47. Qe2 Re5 48. Bxe4 Rxe4 49. Qd2 d4 50. Rxf6 gxf6 51. Qf2 Kg7 52. Rf1 Qe6 53. Qf3 Re5 54. Qb7+ Qe7 55. Qf3 Qd6 56. Qg4+ Kf8 57. Qc8+ Kf7 58. Qb7+ Re7 59. Qf3 d3 60. Qh5+ Kg7 61. Qg4+ Kf8 62. Qg5 Re6 63. Qh6+ Kg8 64. Qh5 d2 65. Kg2 Re5 66. Qg4+ Kf8 67. Qc8+ Kf7 68. Qb7+ Re7 69. Qf3 Re5 70. Qb7+ Kg6 71. Qf3 h5 72. Rd1 c4 73. b6 Qxb6 74. Rxd2 Qxa6 75. Qa8 Qe6 76. Qxa7 Qc6+ 77. Kh3 c3 78. Rc2 Qe6+ 79. Kg2 Re2+ 80. Rxe2 Qxe2+ 81. Kh3 Qf1+ 82. Kh4 Qf5 0-1